[Event "Vilafranca del Penedes op 4th"]
[Site "Vilafranca del Penedes"]
[Date "2010.04.23"]
[Round "2.7"]
[White "Ramirez Sanchez, Prudencio"]
[Black "Layola Barrionuevo, Oriol"]
[Result "0-1"]
[WhiteElo "1843"]
[BlackElo "2096"]
[PlyCount "68"]
[EventDate "2010.04.16"]
[EventType "swiss"]
[EventRounds "8"]
[EventCountry "ESP"]
[SourceTitle "EXT 2024"]
[Source "ChessBase"]
[SourceDate "2023.10.10"]
[SourceVersion "1"]
[SourceVersionDate "2023.10.10"]
[SourceQuality "1"]

1. d4 Nf6 2. c4 g6 3. Nc3 Bg7 4. e4 d6 5. f3 0-0 6. Be3 e5 7. d5 Nh5 8. Qd2 f5 9. Nge2 f4 10. Bf2 Nd7 11. b4 b6 12. Nc1 a5 13. b5 Qe8 14. a4 Nhf6 15. Nb3 g5 16. g4 fxg3 17. hxg3 g4 18. Be2 Nc5 19. Bxc5 bxc5 20. Qg5 h6 21. Qh4 Qg6 22. 0-0-0 gxf3 23. Bxf3 Ng4 24. Bxg4 Bxg4 25. Rdf1 Bf6 26. Qh2 Bg5+ 27. Kb2 Bf3 28. Qh3 Bxh1 29. Rxh1 Qf6 30. Qe6+ Kg7 31. Qd7+ Rf7 32. Qc6 Qf2+ 33. Ka3 Raf8 34. Nxa5 Qc2 0-1

[Event "Vilafranca del Penedes op 3rd"]
[Site "Vilafranca del Penedes"]
[Date "2009.05.08"]
[Round "3.10"]
[White "Avila Jimenez, Xavier"]
[Black "Ramirez Sanchez, Prudencio"]
[Result "1-0"]
[WhiteElo "2252"]
[BlackElo "1841"]
[PlyCount "87"]
[EventDate "2009.04.17"]
[EventType "swiss"]
[EventRounds "8"]
[EventCountry "ESP"]
[SourceTitle "EXT 2024"]
[Source "ChessBase"]
[SourceDate "2023.10.10"]
[SourceVersion "1"]
[SourceVersionDate "2023.10.10"]
[SourceQuality "1"]

1. d4 d5 2. c4 c6 3. Nf3 Nf6 4. e3 Bg4 5. h3 Bh5 6. cxd5 Bxf3 7. Qxf3 cxd5 8. Nc3 e6 9. g4 Bb4 10. Bd3 Nc6 11. Bd2 a6 12. a3 Ba5 13. b4 Bc7 14. g5 Nd7 15. Qh5 Nf8 16. f4 Ng6 17. Qf3 f5 18. Na4 Bd6 19. Rc1 Rc8 20. Kf2 b5 21. Nc5 Bxc5 22. Rxc5 Nge7 23. a4 Na7 24. axb5 Rxc5 25. bxc5 Nxb5 26. Ra1 Qc8 27. Qd1 Nc7 28. Ba5 h6 29. Bxc7 Qxc7 30. Qh5+ g6 31. Qh4 a5 32. gxh6 Kf7 33. Kg2 Rh7 34. Rb1 a4 35. Rb6 a3 36. Qf2 Rxh6 37. Ra6 Rh5 38. Be2 Rh8 39. Rxa3 Rb8 40. Qh4 Kg7 41. Ra6 Rb2 42. Rxe6 Nc6 43. Qf6+ Kg8 44. Re8+ 1-0

[Event "Vilafranca del Penedes op 3rd"]
[Site "Vilafranca del Penedes"]
[Date "2009.04.24"]
[Round "2.10"]
[White "Molano Lafuente, Ismael"]
[Black "Ramirez Sanchez, Prudencio"]
[Result "1-0"]
[WhiteElo "2082"]
[BlackElo "1841"]
[PlyCount "137"]
[EventDate "2009.04.17"]
[EventType "swiss"]
[EventRounds "8"]
[EventCountry "ESP"]
[SourceTitle "EXT 2024"]
[Source "ChessBase"]
[SourceDate "2023.10.10"]
[SourceVersion "1"]
[SourceVersionDate "2023.10.10"]
[SourceQuality "1"]

1. f4 Nf6 2. Nf3 d6 3. e3 g6 4. b3 Bg7 5. Bb2 Nc6 6. Be2 Bd7 7. 0-0 0-0 8. d4 Bf5 9. Bd3 Bg4 10. h3 Bd7 11. Nbd2 Nb4 12. e4 Nh5 13. Ne1 f5 14. Bc4+ Kh8 15. c3 Nc6 16. exf5 Ng3 17. fxg6 Nxf1 18. Qh5 h6 19. Nxf1 e5 20. g4 exf4 21. Nf3 Rf6 22. Bd3 Qf8 23. N1h2 Re8 24. g5 Rf5 25. Ng4 Rxg5 26. Nxg5 Bxg4 27. hxg4 Qe7 28. Rd1 Qe3+ 29. Kh1 Qg3 30. Nf7+ Kg8 31. Rg1 Qxd3 32. Nxh6+ Bxh6 33. Qxh6 Qf3+ 34. Rg2 Re7 35. c4 Qf1+ 36. Rg1 Qf3+ 37. Rg2 Qe4 38. d5 Ne5 39. Bxe5 dxe5 40. Qg5 Kf8 41. Qf6+ Ke8 42. g7 Qb1+ 43. Rg1 Qh7+ 44. Kg2 Qxg7 45. Qxg7 Rxg7 46. Kf3 Ke7 47. c5 b6 48. b4 Rh7 49. Ke4 Rh3 50. Kxe5 Rg3 51. Rf1 Rxg4 52. Rxf4 Rg5+ 53. Rf5 Rg2 54. d6+ cxd6+ 55. cxd6+ Kd7 56. Rf7+ Kc6 57. Rc7+ Kb5 58. Rxa7 Rg5+ 59. Kf6 Rd5 60. Ke6 Rh5 61. a4+ Kxb4 62. d7 Rh6+ 63. Ke7 Rh7+ 64. Kd6 Rh6+ 65. Kc7 Rh7 66. Kc8 Rh8+ 67. d8Q Rxd8+ 68. Kxd8 Kc5 69. Ke7 1-0